By Myself - Linkin Park (All Lyrics) - Statistics

General Stats
  • This quiz has been taken 25 times
  • The average score is 352 of 475
Answer Stats
Answer % Correct
my
100%
myself
100%
(myself)
100%
(Myself)
100%
a
92%
be
92%
behind
92%
by
92%
By
92%
can't
92%
do
92%
Do
92%
do?
92%
do,
92%
I
92%
in
92%
it?
92%
it
92%
me?
92%
me
92%
mind,
92%
on
92%
the
92%
to
92%
(To
92%
What
92%
what
92%
you
92%
blindly?
83%
blindly
83%
Don't
83%
follow
83%
hold
83%
instincts
83%
know
83%
(know)
83%
much
83%
much?
83%
take
83%
them
83%
them,
83%
thin
83%
thin)
83%
try
83%
(try)
83%
why
83%
(why)
83%
all
75%
cancer
75%
go
75%
go,
75%
(go)
75%
How
75%
how
75%
I'm
75%
is
75%
It's
75%
I've
75%
make
75%
No
75%
of
75%
out
75%
rely
75%
sinking
75%
so
75%
And
67%
and
67%
but
67%
(But
67%
But
67%
catch
67%
failure
67%
If
67%
if
67%
ignore
67%
lost
67%
matter
67%
Or
67%
tell
67%
thoughts
67%
too
67%
when
67%
When
67%
answer
58%
ask
58%
bad
58%
convince
58%
everything
58%
hard
58%
hide
58%
loneliness?
58%
outside
58%
red-handed?
58%
stuck
58%
these
58%
trust
58%
With
58%
dreams
50%
find)
50%
from
50%
I'll
50%
pride
50%
seem
50%
spin)
50%
stand
50%
that
50%
think
50%
touch
50%
anything,
42%
are
42%
end
42%
gone
42%
just
42%
let
42%
live
42%
nobody
42%
outrun
42%
some
42%
stretched
42%
up
42%
watching
42%
within
42%
afraid
33%
again
33%
daily
33%
expect
33%
get
33%
give
33%
here
33%
like
33%
moves,
33%
put
33%
right
33%
'til
33%
want
33%
back,
25%
defenseless
25%
façade,
25%
hurt
25%
phoniness?
25%
sad
25%
sit
25%
then
25%
Then
25%
turn
25%
will
25%
Because
17%
fooled
17%
getting
17%
maddening?
17%
outdone
17%
seems
17%
senseless
17%
silence
17%
they'll
17%
buried
8%
killed
8%
questions
8%
No matching quizzes found
Score Distribution
Percent of People with Each Score
Percentile by Number Answered
Your Score History
You have not taken this quiz